Les capitales du monde par ordre alphabétique - Statistiques

Statistiques générales
  • Ce quiz a été pris 1 492 fois
    456 depuis la dernière actualisation
  • Le résultat moyen est 124 sur 196
Statistiques - réponses
Capitale Continent % Correct
Abou Dabi Asie
83%
Amsterdam Europe
82%
Ankara Asie
80%
Andorre-la-Vieille Europe
78%
Antananarivo Afrique
78%
Alger Afrique
77%
Asuncion Amérique du Sud
77%
Bogota Amérique du Sud
77%
Zagreb Europe
77%
Athènes Europe
76%
Berne Europe
76%
Brasilia Amérique du Sud
76%
Abuja Afrique
75%
Bagdad Asie
75%
Bratislava Europe
75%
Budapest Europe
75%
Accra Afrique
74%
Addis-Abeba Afrique
74%
Bucarest Europe
74%
Buenos Aires Amérique du Sud
74%
Amman Asie
73%
Astana Asie
73%
Bamako Afrique
73%
Bruxelles Europe
73%
Canberra Océanie
73%
Dublin Europe
73%
Lima Amérique du Sud
73%
Belmopan Amérique du Nord
72%
Caracas Amérique du Sud
72%
Islamabad Asie
72%
Berlin Europe
70%
Erevan Asie
70%
Bangkok Asie
69%
Belgrade Europe
69%
Copenhague Europe
69%
Helsinki Europe
69%
Luxembourg Europe
69%
Washington Amérique du Nord
69%
Achgabat Asie
68%
Apia Océanie
68%
Brazzaville Afrique
68%
Chisinau Europe
68%
Hanoi Asie
68%
La Valette Europe
68%
Lisbonne Europe
68%
Montevideo Amérique du Sud
68%
Vatican Europe
68%
Wellington Océanie
68%
Yamoussoukro Afrique
68%
Bakou Asie
67%
Bangui Afrique
67%
Georgetown Amérique du Sud
67%
Jérusalem Asie
67%
Kinshasa Afrique
67%
La Paz Amérique du Sud
67%
Londres Europe
67%
Madrid Europe
67%
Oslo Europe
67%
Ottawa Amérique du Nord
67%
Paris Europe
67%
Quito Amérique du Sud
67%
Vilnius Europe
67%
Yaoundé Afrique
67%
Bandar Seri Begawan Asie
66%
Beyrouth Asie
66%
Dakar Afrique
66%
Doha Asie
66%
Douchanbé Asie
66%
Freetown Afrique
66%
Guatemala Amérique du Nord
66%
Panama Amérique du Nord
66%
Pékin Asie
66%
Saint-Marin Europe
66%
Santiago Amérique du Sud
66%
Tallinn Europe
66%
Vaduz Europe
66%
Vienne Europe
66%
Castries Amérique du Nord
65%
Katmandou Asie
65%
Manille Asie
65%
Mexico Amérique du Nord
65%
Monaco Europe
65%
Phnom Penh Asie
65%
Port-au-Prince Amérique du Nord
65%
Reykjavik Europe
65%
Rome Europe
65%
Asmara Afrique
64%
Bichkek Asie
64%
Dili Asie
64%
Djibouti Afrique
64%
Funafuti Océanie
64%
Harare Afrique
64%
Kiev Europe
64%
Kigali Afrique
64%
Kingston Amérique du Nord
64%
La Havane Amérique du Nord
64%
Le Caire Afrique
64%
Ljubljana Europe
64%
Minsk Europe
64%
Prague Europe
64%
Pristina Europe
64%
San Salvador Amérique du Nord
64%
Stockholm Europe
64%
Dacca Asie
63%
Damas Asie
63%
Dodoma Afrique
63%
Gaborone Afrique
63%
Kingstown Amérique du Nord
63%
Luanda Afrique
63%
Malé Asie
63%
Moscou Europe
63%
Pyongyang Asie
63%
Séoul Asie
63%
Varsovie Europe
63%
Khartoum Afrique
61%
Koweit Asie
61%
Lomé Afrique
61%
Managua Amérique du Nord
61%
Oulan-Bator Asie
61%
Port Moresby Océanie
61%
Porto-Novo Afrique
61%
Rabat Afrique
61%
Tunis Afrique
61%
Vientiane Asie
61%
Banjul Afrique
60%
Basseterre Amérique du Nord
60%
Bissau Afrique
60%
New Delhi Asie
60%
Nicosie Asie
60%
Paramaribo Amérique du Sud
60%
Podgorica Europe
60%
Riga Europe
60%
Sofia Europe
60%
Taipei Asie
60%
Tokyo Asie
60%
Windhoek Afrique
60%
Kaboul Asie
59%
Mascate Asie
59%
Ouagadougou Afrique
59%
Port-d'Espagne Amérique du Nord
59%
Port-Louis Afrique
59%
Pretoria Afrique
59%
San José Amérique du Nord
59%
Suva Océanie
59%
Victoria Afrique
59%
Yaren Océanie
59%
Kuala Lumpur Asie
58%
Lilongwe Afrique
58%
Lusaka Afrique
58%
Manama Asie
58%
Maputo Afrique
58%
Ndjamena Afrique
58%
Niamey Afrique
58%
Sanaa Asie
58%
Tachkent Asie
58%
Tripoli Afrique
58%
Bridgetown Amérique du Nord
57%
Djouba Afrique
57%
Gitega Afrique
57%
Majuro Océanie
57%
Nairobi Afrique
57%
Praia Afrique
57%
Riyad Asie
57%
Skopje Europe
57%
Tegucigalpa Amérique du Nord
57%
Teheran Asie
57%
Tirana Europe
57%
Nassau Amérique du Nord
56%
Port-Vila Océanie
56%
Saint John's Amérique du Nord
56%
Sao Tomé Afrique
56%
Singapour Asie
56%
Tarawa Océanie
56%
Thimphou Asie
56%
Nouakchott Afrique
55%
Saint-Domingue Amérique du Nord
55%
Sarajevo Europe
55%
Conakry Afrique
53%
Honiara Océanie
53%
Mogadiscio Afrique
53%
Monrovia Afrique
53%
Saint George's Amérique du Nord
53%
Sri Jayawardenepura Kotte Asie
53%
Kampala Afrique
52%
Nuku'alofa Océanie
52%
Roseau Amérique du Nord
52%
Malabo Afrique
51%
Maseru Afrique
51%
Moroni Afrique
51%
Palikir Océanie
51%
Tbilissi Asie
51%
Mbabane Afrique
50%
Libreville Afrique
48%
Ngerulmud Océanie
48%
Naypyidaw Asie
44%
Nusantara Asie
15%
Aucun quiz correspondant
Distribution des résultats
% des personnes avec chaque résultat
Percentile par nombre de réponses
Votre historique - résultats
Vous n’avez pas pris ce quiz depuis la dernière actualisation